00688nam a2200157Ia 4500008004100000020001800041082001400059100002200073245012000095260002700215300001100242500007900253650008100332952010000413999001700513120622s9999 xx 000 0 und d a84-87756-02-6 a771 L278m aLangford, Michael a35 [Treinta y cinco] mm : el manual fotográfico para cada situación / Michael Langford ; tr. Alfredo Cruz Herce aMadrid : Hermann Blume a224 p. aIncluye glosario e índice alfabético \ Traducción de: 35 mm handbook a1. FOTOGRAFIA APLICADA \ 2. TRUCOS FOTOGRAFICOS \ 3. CAMARAS FOTOGRAFICASÌ 00104070a01b01d2007-01-25l2o771 L278Mp01 000394r2023-11-29s2023-11-23w2012-06-24yLB c58113d58113